All channels owned by Jacksucksatlife - Statistics

General Stats
  • This quiz has been taken 16 times
    12 since last reset
  • The average score is 9 of 18
Answer Stats
Answer % Correct
Jacksucksatstuff
100%
Jacksucksatlife
100%
Jack Massey Welsh
71%
JackMasseyWelsh
71%
Jacksuckatgeography
71%
turd boi420
57%
ejsafc
43%
JackSucksAtEspañol
43%
JackSucksAtPopUpPirate
43%
pretty woman kitchen
43%
SamSmellsOfApricot
43%
SamSmellsOfApricots
43%
Fufik
29%
Geography Stuff 🌎
29%
JacksEpicYoutubeChannelFullOfFunTimesAndFunHiRickX
29%
JackSucksAtClips
29%
No Context JackSucksAtLife
29%
JACKSEPICYOUTUBECHANNELFULLOFFUNTIMESANDFUNHIRICKX HASNOTHINGONMEIAMTHESUPERIORCHANNELIHAVEMORE CHARACTERSTHANALLOFJACKSYOUTUBECHANNELSCOMBINED HAHAHAHAIHAVEMORECHARACTERSTHANJACKSUCKSATLIFE JACKSUCKSATSTUFFJACKMASSEYWELSHJACKSUCKSATGEOGRAPHY JACKSUCKSATCLIPSSAMSMELLSOFAPRICOTS JACKSUCKSATPOPUPPIRATEETCETCIMAGINETHISONAPLAYBUTTON JESUSCHRISTBTWPLEASESUBSCRIBETHANKYOUVERYMUCHHIRICKXxXxXX
14%
No matching quizzes found
Score Distribution
Percent of People with Each Score
Percentile by Number Answered
Your Score History
You have not taken this quiz since the last reset